|
|
|
|
| LEADER |
00000nab a2200000Ia 4500 |
| 001 |
vtls010749560 |
| 003 |
SK-MaSNL |
| 005 |
20260304203240.0 |
| 008 |
250718s1957 xo |||||||||||||||||slo| |
| 035 |
|
|
|a (urnnbn)urn:nbn:sk:snk:ar-a02sqt
|
| 035 |
|
|
|a (uuid)f0c080f6-7daf-43e0-aa05-b9578b2a5858
|
| 035 |
|
|
|a urn:nbn:sk:snk-ab4nxt
|
| 040 |
|
|
|a SNKBUCL
|b slo
|c SNKBUCL
|e AACR2
|
| 041 |
0 |
|
|a slo
|
| 044 |
|
|
|a xo
|c SK
|
| 080 |
|
|
|a 069
|2 2001
|
| 100 |
1 |
|
|a Weisz, Tibor,
|d 1914-1983
|4 aut
|9 40141
|
| 245 |
1 |
0 |
|a Zoologická expozícia Krajského múzea v Prešove a niektoré problémy zoologických oddelenie všeobecne
|c Tibor Weisz
|
| 610 |
2 |
7 |
|a Krajské múzeum (Prešov, Slovensko)
|2 SNKPH
|9 36111
|
| 650 |
0 |
7 |
|a múzeá
|2 SNKPH
|9 4119
|
| 650 |
0 |
7 |
|a zoologická expozícia
|2 SNK
|9 1535744
|
| 710 |
2 |
|
|a Redakcia.
|4 aut
|9 1086645
|
| 773 |
0 |
|
|t Múzeum : študijný a informačný materiál
|g Roč. 4, č. 2 (1957), s. 263-273
|
| 850 |
|
|
|a Slovenská národná knižnica
|
| 852 |
|
|
|a Slovenská národná knižnica
|
| 954 |
|
|
|a odborná, vedecká literatúra pôvodná (slovenská)
|2 lita
|
| 958 |
|
|
|a article3
|
| 958 |
|
|
|a OND
|
| 958 |
|
|
|a EUIPO
|
| 999 |
|
|
|c 3108610
|d 3110540
|